000 00638nam a2200241 i 4500
001 C2-0081858
003 PPAK
005 20180727084655.0
008 970429s1989 nyua|||| ||||| | eng d
020 _a0135890942
040 _aPPAK
_beng
_cPPAK
_erda
082 0 4 _a358.4
_223
090 0 0 _a358.4
_bGUN
_dR
100 1 _aGunston, Bill,
_eauthor
245 1 0 _aModern attack aircraft
264 1 _aNew York :
_bPrentice Hall ,
_c1989
300 _a78 pages :
_billustrations ;
_c23 cm
336 _2rdacontent
_atext
337 _2rdamedia
_aunmediated
338 _2rdacarrier
_avolume
650 1 0 _aAttack planes
942 _ddc
_cB
999 _c14903
_d14903